Statistics for Countries with NO Extradition Treaty with US

Click here to take the quiz!

General Stats

  • This quiz has been taken 109 times
    (70 since last reset)
  • The average score is 46 of 73

Answer Stats

Country% Correct
Russia
93%
China (mainland )
92%
Yemen
82%
Afghanistan
80%
Belarus
78%
Democratic Republic of the Congo
78%
Oman
78%
Ukraine
78%
Niger
77%
Vietnam
77%
Algeria
75%
Qatar
75%
Republic of the Congo
75%
Kazakhstan
73%
Saudi Arabia
73%
United Arab Emirates
73%
Sudan
72%
Syria
72%
Chad
70%
Ethiopia
70%
Laos
70%
Libya
70%
Mali
70%
Angola
68%
Bahrain
68%
Kuwait
68%
Somalia
68%
Cambodia
67%
Indonesia
67%
Morocco
67%
Eritrea
65%
Guinea
65%
Nepal
65%
Uganda
65%
Uzbekistan
65%
Armenia
63%
Burkina Faso
63%
Burundi
63%
Guinea- Bissau
62%
Namibia
62%
Togo
62%
Tunisia
62%
Brunei
60%
Madagascar
60%
Moldova
60%
Burma
58%
Central African Republic
58%
Comoros
58%
Gabon
58%
Lebanon
58%
Mauritania
58%
Mongolia
58%
Senegal
58%
Equatorial Guinea
57%
Serbia
57%
Mozambique
55%
Rwanda
55%
Kosovo
53%
Maldives
53%
Bangladesh
52%
Cameroon
52%
Sao Tome and Principe
52%
Cape Verde
50%
Ivory Coast
48%
Vanuatu
48%
Andorra
45%
Bosnia and Herzegovina
45%
Montenegro
45%
North Macedonia
45%
Samoa
42%
Micronesia
40%
Vatican
40%
Marshall Islands
35%

Score Distribution

Percentile by Number Answered

Percent of People with Each Score

Your Score History

You have not taken this quiz since the last reset